MARC

LEADER 00000nam0a2200000 4500
001 367051
005 20231102011937.0
035 |a (RuTPU)RU\TPU\retro\24414 
090 |a 367051 
100 |a 20220228d1979 km y0rusy50 ca 
101 0 |a rus 
102 |a UA 
105 |a a z 001zy 
200 1 |a Развитие органической химии на Украине  |f Академия наук Украинской ССР, Институт истории ; под ред. А. В. Кирсанова 
210 |a Киев  |c Наукова думка  |d 1979 
215 |a 242 с.  |c ил. 
320 |a Библиогр.: с. 214-235 
320 |a Указ. имен: с. 236-239 
606 1 |a Органическая химия  |2 stltpush  |3 (RuTPU)RU\TPU\subj\47309  |9 66362 
610 1 |a Украина 
610 1 |a научные центры 
610 1 |a 19 век 
610 1 |a история 
610 1 |a формирование 
610 1 |a развитие 
610 1 |a 20 век 
610 1 |a советский период 
610 1 |a высшие учебные заведения 
610 1 |a научные исследования 
610 1 |a элементоорганические соединения 
610 1 |a гетероциклические соединения 
610 1 |a цветность 
610 1 |a теория 
610 1 |a органические реакции 
675 |a 547  |v 4 
702 1 |a Кирсанов  |b А. В.  |4 340 
712 0 2 |a Академия наук Украинской ССР  |b Институт истории  |c (Киев)  |2 stltpush  |3 (RuTPU)RU\TPU\col\18343  |9 26997 
801 1 |a RU  |b 63413507  |c 20220228 
801 2 |a RU  |b 63413507  |c 20220228  |g RCR 
942 |c BK